The Hard Easy Quiz - Statistics

General Stats
  • This quiz has been taken 64 times
  • The average score is 5 of 10
Answer Stats
Hint Answer % Correct
What is the first number? 1
100%
What is the first letter in the alphabet? A
100%
What comes out of a gun? Bullet
66%
What is the capital of China? Beijing
59%
Which year did WW2 end? 1945
50%
What is the most popular sport in the world? Soccer/Football
43%
Which continent is Equatorial Guinea located in? Africa
30%
What is the passing grade in the US? 60
23%
What is Spain's national dish? Paella
5%
Who is famously known for the equation «E=mc^2»? Albert Einstein
0%
No matching quizzes found
Score Distribution
Percent of People with Each Score
Percentile by Number Answered
Your Score History
You have not taken this quiz